Effect of Irrigation Schedule and Mulching on Yield and Quality of Sugarcane (Record no. 50535)
[ view plain ]
| 000 -LEADER | |
|---|---|
| fixed length control field | 00438nam a22001697a 4500 |
| 003 - CONTROL NUMBER IDENTIFIER | |
| control field | OSt |
| 008 - FIXED-LENGTH DATA ELEMENTS--GENERAL INFORMATION | |
| fixed length control field | 260511b |||||||| |||| 00| 0 eng d |
| 082 ## - DEWEY DECIMAL CLASSIFICATION NUMBER | |
| Classification number | 633.61 |
| Item number | K98E |
| 100 ## - MAIN ENTRY--PERSONAL NAME | |
| Personal name | Mamta, Kumari |
| 245 ## - TITLE STATEMENT | |
| Title | Effect of Irrigation Schedule and Mulching on Yield and Quality of Sugarcane |
| 260 ## - PUBLICATION, DISTRIBUTION, ETC. (IMPRINT) | |
| Place of publication, distribution, etc | Pusa, Samastipur |
| Name of publisher, distributor, etc | RAU |
| Date of publication, distribution, etc | 1997 |
| 300 ## - PHYSICAL DESCRIPTION | |
| Extent | 114P. |
| 502 ## - DISSERTATION NOTE | |
| Degree type | Msc. |
| Year degree granted | 1997 |
| 650 ## - SUBJECT ADDED ENTRY--TOPICAL TERM | |
| Topical term or geographic name as entry element | Agronomy |
| 650 ## - SUBJECT ADDED ENTRY--TOPICAL TERM | |
| Topical term or geographic name as entry element | Msc. |
| 942 ## - ADDED ENTRY ELEMENTS (KOHA) | |
| Source of classification or shelving scheme | |
| Koha item type | Thesis |
| Withdrawn status | Lost status | Source of classification or shelving scheme | Damaged status | Not for loan | Home library | Current library | Date acquired | Source of acquisition | Total Checkouts | Full call number | Barcode | Date last seen | Bill Date | Koha item type | Bill Number |
|---|---|---|---|---|---|---|---|---|---|---|---|---|---|---|---|
| Not For Loan | Dr. Rajendra Prasad Central Agricultural University Pusa, | Dr. Rajendra Prasad Central Agricultural University Pusa, | 11/05/2026 | By Authors | 633.61 K98E | 46766-UL | 11/05/2026 | 11/05/2026 | Thesis | Gift |